Sir William Jones and the East / (Record no. 19452)

MARC details
000 -LEADER
fixed length control field 00917cam a22003014a 4500
001 - CONTROL NUMBER
control field 2278552
003 - CONTROL NUMBER IDENTIFIER
control field BDDh-ASL
005 - DATE AND TIME OF LATEST TRANSACTION
control field 20231015025801.0
008 - FIXED-LENGTH DATA ELEMENTS--GENERAL INFORMATION
fixed length control field 790410s1978 bg b 000 0beng
010 ## - LIBRARY OF CONGRESS CONTROL NUMBER
LC control number 78902361
020 ## - INTERNATIONAL STANDARD BOOK NUMBER
Terms of availability Tk10.00
040 ## - CATALOGING SOURCE
Original cataloging agency DLC
Transcribing agency DLC
Modifying agency BDDh-ASL
043 ## - GEOGRAPHIC AREA CODE
Geographic area code e-uk---
050 00 - LIBRARY OF CONGRESS CALL NUMBER
Classification number PK109.J6
Item number M58 1978
082 00 - DEWEY DECIMAL CLASSIFICATION NUMBER
Classification number 950.072
-- B
Item number MOS
100 1# - MAIN ENTRY--PERSONAL NAME
Personal name Mojumder, Md. Abu Taher.
245 10 - TITLE STATEMENT
Title Sir William Jones and the East /
Statement of responsibility, etc. Md. Abu Taher Mojumder.
260 ## - PUBLICATION, DISTRIBUTION, ETC.
Place of publication, distribution, etc. Dacca :
Name of publisher, distributor, etc. Zakia Sultana,
Date of publication, distribution, etc. 1978.
300 ## - PHYSICAL DESCRIPTION
Extent 97 p. ;
Dimensions 23 cm.
504 ## - BIBLIOGRAPHY, ETC. NOTE
Bibliography, etc. note Bibliography: p. 87-97.
600 10 - SUBJECT ADDED ENTRY--PERSONAL NAME
Personal name Jones, William,
Dates associated with a name 1746-1794.
650 #0 - SUBJECT ADDED ENTRY--TOPICAL TERM
Topical term or geographic name entry element Sanskritists
Geographic subdivision Great Britain
Form subdivision Biography.
650 #0 - SUBJECT ADDED ENTRY--TOPICAL TERM
Topical term or geographic name entry element Asianists
Geographic subdivision Great Britain
Form subdivision Biography.
650 #0 - SUBJECT ADDED ENTRY--TOPICAL TERM
Topical term or geographic name entry element Oriental philology
General subdivision Historiography.
651 #0 - SUBJECT ADDED ENTRY--GEOGRAPHIC NAME
Geographic name Orient
General subdivision Historiography.
906 ## - LOCAL DATA ELEMENT F, LDF (RLIN)
a 7
b cbc
c orignew
d 4
e ncip
f 19
g y-gencatlg
942 ## - ADDED ENTRY ELEMENTS (KOHA)
Source of classification or shelving scheme Dewey Decimal Classification
Koha item type Books
Holdings
Withdrawn status Lost status Source of classification or shelving scheme Damaged status Not for loan Collection code Home library Current library Shelving location Date acquired Source of acquisition Total Checkouts Full call number Barcode Date last seen Copy number Price effective from Koha item type
    Dewey Decimal Classification     Non-fiction Asiatic Society Library Asiatic Society Library Sirajul Islam Collection 12/02/2020 Donated by Professor Sirajul Islam, FRHS   950.072 MOS 102784 12/02/2020 C-1 12/02/2020 Books
    Dewey Decimal Classification     Non-fiction Asiatic Society Library Asiatic Society Library General Stacks 04/01/2021 Complementary   950.072 MOS 108184 04/01/2021 C-2 04/01/2021 Books
    Dewey Decimal Classification     Non-fiction Asiatic Society Library Asiatic Society Library General Stacks 04/01/2021 Complementary   950.072 MOS 108186 04/01/2021 C-3 04/01/2021 Books
    Dewey Decimal Classification     Non-fiction Asiatic Society Library Asiatic Society Library General Stacks 04/01/2021 Complementary   950.072 MOS 108187 04/01/2021 C-4 04/01/2021 Books

Powered by Koha